Segment seniorů v České republice - rostoucí výzva pro adaptace strategického řízení značek

Prognóza demografického vývoja ČR do roku 2050. Charakteristika seniorského trhu a obvyklé stereotypy. Segmentačný proces. Prístupy k segmentácii straších spotrebiteľov. Vyspelí spotrebitelia - pohľad z uhla lifestylovej segmentácie TNS AISA. Positioning značiek pre zrelých spotrebiteľov.

Salvato in:
Dettagli Bibliografici
Autore principale: Olšanová, Květa
Natura: Capitolo di libro
Lingua:ceco
Soggetti:
Tags: Aggiungi Tag
Nessun Tag, puoi essere il primo ad aggiungerne!!

MARC

LEADER 00000naa$a2200000$$$4500
001 0178212
005 20221020084647.9
041 0 |a cze 
044 |a SK 
245 1 0 |a Segment seniorů v České republice - rostoucí výzva pro adaptace strategického řízení značek  |c Květa Olšanová 
520 |a Prognóza demografického vývoja ČR do roku 2050. Charakteristika seniorského trhu a obvyklé stereotypy. Segmentačný proces. Prístupy k segmentácii straších spotrebiteľov. Vyspelí spotrebitelia - pohľad z uhla lifestylovej segmentácie TNS AISA. Positioning značiek pre zrelých spotrebiteľov. 
610 2 0 |a spotrebitelia 
610 2 0 |a seniori 
610 2 0 |a správanie spotrebiteľa 
610 2 0 |a segmentácia 
610 2 0 |a marketing 
610 2 0 |a značky výrobkov 
610 2 0 |a štýl životný 
610 2 0 |a Česko 
100 1 |a Olšanová, Květa